| 000 | 00542cam a2200205 4500 | ||
|---|---|---|---|
| 001 | sa 68012231 | ||
| 003 | DLC | ||
| 005 | 20260227112608.0 | ||
| 008 | 691009s1967 ii 000 0 eng | ||
| 010 | _asa 68012231 | ||
| 025 | _aPL480:I-E-9098 | ||
| 040 |
_aDLC _cDLC _dDLC |
||
| 050 | 0 | 0 |
_aPR6053.H46 _bG6 |
| 082 | 0 | 0 | _a821 |
| 100 | 1 |
_aChettur, S. K., _d1905-1972. |
|
| 245 | 1 | 4 |
_aThe golden stair & other poems, _cby S. K. Chettur. |
| 260 |
_aMadras; _bdistributors: Higginbothams _c[1967] |
||
| 300 |
_a70 p. _c23 cm. |
||
| 350 | _a5.00 | ||
| 999 |
_c84403 _d84403 |
||